The crescent in the East : (Record no. 524180)

000 -LEADER
fixed length control field 00402nam a22001457a 4500
020 ## - INTERNATIONAL STANDARD BOOK NUMBER
International Standard Book Number 0913215457
040 ## - CATALOGING SOURCE
Transcribing agency NUST
082 ## - DEWEY DECIMAL CLASSIFICATION NUMBER
Classification number 297.095
Author Mark ISR
100 ## - MAIN ENTRY--PERSONAL NAME
Personal name Israeli, Raphael
9 (RLIN) 14998
245 ## - TITLE STATEMENT
Title The crescent in the East :
Remainder of title Islam in Asia major /
Statement of responsibility, etc. Raphael Israeli.
260 ## - PUBLICATION, DISTRIBUTION, ETC.
Place of publication, distribution, etc. United Kingdom :
Name of publisher, distributor, etc. Curzon press,
Date of publication, distribution, etc. 1989.
300 ## - PHYSICAL DESCRIPTION
Extent ill, 245 p. :
Dimensions 18 cm.
500 ## - GENERAL NOTE
General note Paperback.
942 ## - ADDED ENTRY ELEMENTS (KOHA)
Source of classification or shelving scheme
Koha item type Book
Holdings
Withdrawn status Lost status Source of classification or shelving scheme Damaged status Not for loan Permanent Location Current Location Shelving location Date acquired Total Checkouts Full call number Barcode Date last seen Price effective from Koha item type
          Central Library (CL) Central Library (CL) First Floor - Islam 06/18/2019   297.095 ISR CL-D-435 06/18/2019 06/18/2019 Book
© 2023 Central Library, National University of Sciences and Technology. All Rights Reserved.